Medzinárodná migrácia a status moslimov v Európe

Medzinárodná migrácia a problémy Európy. Islamská minorita v Európe.

Saved in:
Bibliographic Details
Main Author: Liďák, Ján
Other Authors: Srb, Vladimír
Format: Book Chapter
Language:Slovak
Subjects:
Tags: Add Tag
No Tags, Be the first to tag this record!

MARC

LEADER 00000naa a2200000 4500
001 0252609
005 20221104112131.4
041 0 |a slo 
044 |a SK 
245 1 0 |a Medzinárodná migrácia a status moslimov v Európe  |c Ján Liďák, Vladimír Srb 
520 |a Medzinárodná migrácia a problémy Európy. Islamská minorita v Európe. 
610 2 0 |a politika migračná 
610 2 0 |a Európa 
610 2 0 |a moslimovia 
610 2 0 |a pomoc medzinárodná 
610 2 0 |a pomoc humanitárna 
610 2 0 |a politika medzinárodná 
610 2 0 |a radikalizmus 
610 2 0 |a Európska únia 
100 1 |a Liďák, Ján 
700 1 |a Srb, Vladimír